Normal view
MARC view
- Krysinski, Tomasz, Malburet, Francois
Entry Personal Name
001 - CONTROL NUMBER
- control field: 65394
003 - CONTROL NUMBER IDENTIFIER
- control field: NUST
005 - DATE AND TIME OF LATEST TRANSACTION
- control field: 20210628203428.0
008 - FIXED-LENGTH DATA ELEMENTS
- fixed length control field: 210628|| aca||aabn | a|a d
040 ## - CATALOGING SOURCE
- Original cataloging agency: NUST
- Transcribing agency: NUST
100 ## - HEADING--PERSONAL NAME
- Personal name: Krysinski, Tomasz, Malburet, Francois
670 ## - SOURCE DATA FOUND
- Source citation: Work cat.: (NUST): Krysinski, Tomasz, Malburet, Francois, Mechanical vibrations, active and passive control, 2007
